Gaming Quiz

Random Gaming or Letter Quiz

Name the Toy (A-Z) Quiz Stats

 Plays Quiz Updated Feb 11, 2013

Also try: Games by Cupcake
Challenge
Share
Tweet
Score 0/25 Timer 05:00
5 Plays Today
% Correct
Dominoes
97.3%
Frisbee
94.8%
Operation
93%
Mr. Potato Head
92.8%
Slinky
91.2%
Jenga
91.1%
Connect Four
91%
Uno
90.6%
Etch-A-Sketch
90.2%
Xbox
89.9%
Hungry Hungry Hippos
88.8%
ice skates
87.7%
Backgammon
83.5%
% Correct
Army Men
77.2%
Yahtzee
76%
Laser Tag
74.7%
Rubik's Cube
74.6%
Trivial Pursuit
68.2%
Pinwheel
67.5%
NERF ball
52.4%
K'NEX
42.1%
Viewmaster
31.1%
Weebles
30.8%
Go
27.3%
Zhu Zhu Pets
15.8%

You're not logged in!

Compare scores with friends on all Sporcle quizzes.
Join for Free
OR
Log In

You Might Also Like...

Show Comments

Extras

Top Quizzes Today


Score Distribution

Your Account Isn't Verified!

In order to create a playlist on Sporcle, you need to verify the email address you used during registration. Go to your Sporcle Settings to finish the process.

Report this User

Report this user for behavior that violates our Community Guidelines.

Details: